| 000 | 00550nam a2200097Ia 4500 | ||
|---|---|---|---|
| 008 | 170517s9999 xx 000 0 und d | ||
| 245 | _aDon't Swallow Your Toothpaste | ||
| 300 | _aWe all want the best for our children, including sparking white teeth. Children today have fewer fillings than ever before, but what is the truth behind this great success story? Better care of our teeth or the magic ingredient in our toothpaste fluoride? Some parts of... | ||
| 650 | _xTechnology. | ||
| 856 | _uhttp://topdocumentaryfilms.com/dont-swallow-your-toothpaste/ | ||
| 999 |
_c335028 _d335028 |
||